000 00592nam a2200229Ia 4500
003 OSt
005 20221005120419.0
006 a|||||r|||| 00| 0
007 ta
008 221004b |||||||| |||| 00| 0 eng d
024 _a66198
037 _cTextual
040 _aCRL
_cCRL
_beng
041 _2eng
_aeng
082 _aV55:190595:N5, H3
100 _aMachray Robert
_9113611
245 0 _aEast Prussia
_b menace to Poland and peace
260 _c1943
650 _aHISTORY
942 _hV55:190595:N5, H3
_cTEXL
_2cc
999 _c1037942
_d1037942